000 00881nam a2200289Ia 4500
003 GCL
008 140319s9999 xx 000 0 ara d
040 _aGCL /
_cGCL
082 0 4 _a070.41
_bهـ ص
100 1 _aهوهنبرج، جون
245 1 0 _aالصحفى المحترف /
_cهوهنبرج، جون
700 1 _aمحمد كمال عبدالرؤوف
260 _a[S.N] :
_bالدار الدولية للنشر والتوزيع ،
_c1990
300 _a727
490 _a
650 0 4 _aالراديو
650 0 4 _aالتليفزيون
650 0 4 _aقوانين وتشريعات
650 0 4 _aالصحافة
650 0 4 _aوسائل الاعلام
650 0 4 _aالكتابة الفنية
650 0 4 _aالاخلاق الصحفية
650 0 4 _aالصحفيون
650 0 4 _aوكالات الانباء
650 0 4 _aالصحف
942 _2ddc
_cBK
999 _c27653
_d27653